| 000 | 00862cam a22003011 4500 | ||
|---|---|---|---|
| 001 | 8424172 | ||
| 003 | OSt | ||
| 005 | 20230620132133.0 | ||
| 008 | 721128s1960 xx 000 0 eng | ||
| 010 | _a 60000667 | ||
| 035 | _a(OCoLC)502629 | ||
| 040 |
_aDLC _cODaWU _dDLC |
||
| 042 | _apremarc | ||
| 050 | 0 | 0 |
_aJQ1879.A5 _bM3 |
| 082 |
_a324.2 _bMAC |
||
| 100 | 1 |
_aMackenzie, W. J. M. _q(William James Millar), _d1909- _eed. |
|
| 245 | 1 | 0 | _aFive elections in Africa. |
| 260 |
_aOxford, _bClarendon Press, _c1960. |
||
| 300 |
_a496 p. _c22 cm. |
||
| 504 | _aBibliographical footnotes. | ||
| 650 | 0 |
_aElections _zNigeria. |
|
| 650 | 0 |
_aElections _zSierra Leone. |
|
| 650 | 0 |
_aElections _zSenegal. |
|
| 650 | 0 |
_aElections _zKenya. |
|
| 700 | 1 |
_aRobinson, Kenneth, _d1914- _ejoint ed. |
|
| 906 |
_a7 _bcbc _coclcrpl _du _encip _f19 _gy-gencatlg |
||
| 942 |
_2ddc _cBK |
||
| 999 |
_c1724 _d1724 |
||